| 000 | 00623nam a2200229Ia 4500 | ||
|---|---|---|---|
| 003 | OSt | ||
| 005 | 20221007081812.0 | ||
| 006 | a|||||r|||| 00| 0 | ||
| 007 | ta | ||
| 008 | 221006b |||||||| |||| 00| 0 eng d | ||
| 024 | _a25,466 | ||
| 037 | _cTextual | ||
| 040 |
_aFLL _cFLL _beng |
||
| 041 |
_2eng _aeng |
||
| 082 | _aY17611Y7, L4 | ||
| 100 | _aParis Unesco | ||
| 245 | 0 | _aTwo studies on ethnic group relations in Africa | |
| 260 |
_aParis _bUnited Nations Educational Paris _c1974 |
||
| 300 |
_a1-156p _ccm. |
||
| 942 |
_hY17611Y7, L4 _cTEXL _2CC |
||
| 999 |
_c1164316 _d1164316 |
||